Your pet bear / (Record no. 110358)
[ view plain ]
| 000 -LEADER | |
|---|---|
| fixed length control field | 00736nam a2200193 a 4500 |
| 001 - CONTROL NUMBER | |
| control field | 1780 |
| 005 - DATE AND TIME OF LATEST TRANSACTION | |
| control field | 20140414131854.0 |
| 008 - FIXED-LENGTH DATA ELEMENTS--GENERAL INFORMATION | |
| fixed length control field | 010319s19uu xx 00 eng d |
| 020 ## - INTERNATIONAL STANDARD BOOK NUMBER | |
| International Standard Book Number | 0-516-43351-2 |
| 050 ## - LIBRARY OF CONGRESS CALL NUMBER | |
| Classification number | M 808.3 |
| Item number | H232 1980 |
| 100 ## - MAIN ENTRY--PERSONAL NAME | |
| Personal name | Hamsa, Bobbie |
| 245 ## - TITLE STATEMENT | |
| Title | Your pet bear / |
| Statement of responsibility, etc | by Bobbie Hamsa ; illustrations by Tom Dunnington. |
| 260 ## - PUBLICATION, DISTRIBUTION, ETC. (IMPRINT) | |
| Place of publication, distribution, etc | Chicago : |
| Name of publisher, distributor, etc | Children Press, |
| Date of publication, distribution, etc | 1980. |
| 300 ## - PHYSICAL DESCRIPTION | |
| Extent | 31 p. : ill. ; cm. |
| 440 ## - SERIES STATEMENT/ADDED ENTRY--TITLE | |
| Title | Far-fetched pets. |
| 520 ## - SUMMARY, ETC. | |
| Summary, etc | Discusses the advatange of having a bear for a pet, such as his ability to dig a good hole and eat all the foods that one hates, and gives instructions for his general care and housing. |
| 650 ## - SUBJECT ADDED ENTRY--TOPICAL TERM | |
| Topical term or geographic name as entry element | Bears |
| General subdivision | Anecdotes, facetiae, satire, etc. |
| Withdrawn status | Lost status | Damaged status | Use restrictions | Home library | Current library | Shelving location | Date acquired | Source of acquisition | Total Checkouts | Full call number | Barcode | Date last seen | Price effective from | Koha item type |
|---|---|---|---|---|---|---|---|---|---|---|---|---|---|---|
| Munich Library | Munich Library | Main Section | 12/28/2004 | M 808.3 H232 1980 | M0745 | 04/14/2014 | 04/14/2014 | Books |